The tracker (Record no. 84172)

MARC details
000 -LEADER
fixed length control field 00685cab a22002175a 4500
001 - CONTROL NUMBER
control field L156843
008 - FIXED-LENGTH DATA ELEMENTS--GENERAL INFORMATION
fixed length control field 120719e20120210xxkd f s 000 0 eng d
035 ## - SYSTEM CONTROL NUMBER
System control number (Sirsi) u156843
041 0# - LANGUAGE CODE
Language code of text/sound track or separate title eng
110 2# - MAIN ENTRY--CORPORATE NAME
Corporate name or jurisdiction name as entry element Experian Economics
9 (RLIN) 5977
245 04 - TITLE STATEMENT
Title The tracker
260 ## - PUBLICATION, DISTRIBUTION, ETC.
Date of publication, distribution, etc. 2012
490 ## - SERIES STATEMENT
Series statement Building
Volume/sequential designation 277 (8736) 13 July 2012, 50-51(2)
520 ## - SUMMARY, ETC.
Summary, etc. Economic summary of the state of play, leading construction activity indicator, material costs, and regional perspective in the UK.
590 ## - LOCAL NOTE (RLIN)
Local note KA
650 24 - SUBJECT ADDED ENTRY--TOPICAL TERM
Topical term or geographic name entry element EXPERIAN CONSTRUCTION INDUSTRY FOCUS
651 #4 - SUBJECT ADDED ENTRY--GEOGRAPHIC NAME
Geographic name United Kingdom
Chronological subdivision
690 ## - LOCAL SUBJECT ADDED ENTRY--TOPICAL TERM (OCLC, RLIN)
Topical term or geographic name as entry element Construction management
9 (RLIN) 6230
690 ## - LOCAL SUBJECT ADDED ENTRY--TOPICAL TERM (OCLC, RLIN)
Topical term or geographic name as entry element Cost management
9 (RLIN) 6233
942 ## - ADDED ENTRY ELEMENTS (KOHA)
Suppress in OPAC 0
Holdings
Withdrawn status Lost status Source of classification or shelving scheme Damaged status Not for loan Home library Current library Shelving location Date acquired Total Checkouts Full call number Barcode Date last seen Copy number Price effective from Koha item type
    Dewey Decimal Classification     London London Journal article 19/07/2012   L156843 156843-1001 06/08/2019 1 06/08/2019 Journal article